<?xml version="1.0" encoding="UTF-8"?>
<record
    xmlns:xsi="http://www.w3.org/2001/XMLSchema-instance"
    xsi:schemaLocation="http://www.loc.gov/MARC21/slim http://www.loc.gov/standards/marcxml/schema/MARC21slim.xsd"
    xmlns="http://www.loc.gov/MARC21/slim">

  <leader>00578    a2200169   4500</leader>
  <controlfield tag="001">ART_47889</controlfield>
  <controlfield tag="005">20260410161721.0</controlfield>
  <controlfield tag="008">260409a                                 </controlfield>
  <datafield tag="245" ind1="1" ind2="0">
    <subfield code="a">Tratamientos alternativos discrecionales previstos en las Normas Internacionales de Informaci&#xF3;n Financiera (NIIF)</subfield>
  </datafield>
  <datafield tag="100" ind1="1" ind2=" ">
    <subfield code="a">Quadro, Mart&#xED;n E.</subfield>
  </datafield>
  <datafield tag="700" ind1="1" ind2=" ">
    <subfield code="a">Werbin, Eliana M.</subfield>
  </datafield>
  <datafield tag="700" ind1="1" ind2=" ">
    <subfield code="a">Bertoldi, Norma</subfield>
  </datafield>
  <datafield tag="700" ind1="1" ind2=" ">
    <subfield code="a">Priotto, Hugo C.</subfield>
  </datafield>
  <datafield tag="700" ind1="1" ind2=" ">
    <subfield code="a">Veteri, Liliana J.</subfield>
  </datafield>
  <datafield tag="700" ind1="1" ind2=" ">
    <subfield code="a">Pellegrinet, Mariano</subfield>
  </datafield>
  <datafield tag="773" ind1="0" ind2=" ">
    <subfield code="t">Contabilidad y auditor&#xED;a</subfield>
    <subfield code="g">- A&#xF1;o 24, N&#xBA; 47 (jun. 2018)</subfield>
    <subfield code="w">REV1723</subfield>
  </datafield>
  <datafield tag="999" ind1=" " ind2=" ">
    <subfield code="c">17004</subfield>
    <subfield code="d">17004</subfield>
  </datafield>
</record>
